000 00641nam a2200229 i 4500
001 bg
100 1 _aMadeja, Leszek.
245 1 0 _aPodstawy obsługi systemu :
_bćwiczenia z systemu Linux /
_cLeszek Madeja.
260 _aWarszawa :
_b"Mikom",
_c1999.
300 _a325, [2] s. :
_bil. ;
_c24 cm.
504 _aBibliogr.
650 9 _aLinux
655 _aĆwiczenia i zadania
020 _a8371581998
040 _cBPK
041 0 _apl
080 _a004.451(076)
920 _a83-7158-199-8
942 _cKS
008 s pl f |000 0 pol
999 _c39832
_d39832
856 _uhttp://koha.tu.koszalin.pl/cgi-bin/koha/opac-detail.pl?biblionumber=39832
_yKatalog online BPK